Statistics for All 1M Cities in 1950 Map Quiz

Click here to take the quiz!

General Stats

  • This quiz has been taken 503 times
  • The average score is 69 of 76

Answers on the Map

Answers color-coded by a green-red scale on the quiz's map according to % correct below.
 

Answer Stats

Pop (K)City% Correct
8,361London
99%
5,356Moscow
99%
3,338Berlin
98%
2,903Leningrad
98%
4,046Los Angeles
98%
3,365Mexico City
98%
12,338New York
98%
6,283Paris
98%
1,884Rome
98%
4,999Chicago
97%
1,700Madrid
97%
3,026Rio de Janeiro
97%
1,690Sydney
97%
11,275Tokyo
97%
1,347Athens
96%
1,809Barcelona
96%
5,166Buenos Aires
96%
2,494Cairo
96%
1,369Delhi
96%
1,066Lima
96%
1,304Lisbon
96%
1,883Milan
96%
1,498Naples
96%
7,005Osaka
96%
1,671Peking
96%
1,855San Francisco
96%
4,288Shanghai
96%
1,615Vienna
96%
3,089Bombay
95%
1,415Brussels
95%
1,618Budapest
95%
1,216Copenhagen
95%
1,142Havana
95%
1,452Jakarta
95%
1,322Santiago
95%
2,334São Paulo
95%
1,021Seoul
95%
1,037Alexandria
94%
2,551Boston
94%
2,769Detroit
94%
1,755Glasgow
94%
2,422Manchester
94%
1,544Manila
94%
1,041Tehran
94%
1,068Toronto
94%
1,298Washington
94%
1,360Bangkok
93%
1,682Hong Kong
93%
1,332Melbourne
93%
1,608Hamburg
92%
1,382Liverpool
92%
1,212Montevideo
92%
1,343Montréal
92%
3,128Philadelphia
92%
1,016Singapore
92%
1,213Saigon
91%
2,229Birmingham
90%
1,055Karachi
89%
4,604Calcutta
88%
1,692Leeds
87%
1,011Turin
86%
1,049Canton
85%
1,392Cleveland
85%
1,068Wuhan
85%
1,168Baltimore
83%
2,467Tientsin
82%
1,491Madras
80%
1,539Pittsburgh
80%
1,407St. Louis
80%
2,237Nagoya
78%
1,302Rangoon
78%
1,096Hyderabad
76%
1,567Chungking
69%
1,037Nanking
66%
1,403Fukuoka
59%
2,148Mukden
55%

Score Distribution

Percentile by Number Answered

Percent of People with Each Score

Your Score History

You have not taken this quiz